000 00863pam a2200265 i 4500
001 5241
003 BD-RjUL
005 20211208234032.0
008 131224s1975 mau b 001 0 eng
020 _a0669993417
035 _a(BD-RjUL)5277
040 _aDLC
_cDLC
_dDLC
_dBD-RjUL
_beng
041 _aeng
082 0 0 _a341.2
_bWEI
100 1 _aWeiss, Thomas George.
_916479
245 1 0 _aInternational bureaucracy :
_ban analysis of the operation of functional and global international secretariats /
_cThomas George Weiss.
260 _aLexington, Mass. :
_bLexington Books,
_cc1975.
300 _axxiv, 187 p. ;
_c24 cm.
504 _aIncludes Bibliography: p. 169-180 and index.
650 0 _aInternational agencies.
_95813
650 0 _aInternational officials and employees.
_916480
942 _2ddc
_cBK
999 _c5241
_d5241